Ostdeutsche Städte - Sudden Death - Statistiken

Allgemein
  • Dieses Quiz wurde 980 mal gespielt
    932 seit der letzten Aktualisierung
  • Das Durchschnittsergebnis liegt bei 9 aus 14
Answers on the Grid
Answers color-coded by a green-red scale on the quiz's grid according to % correct below.
Dresden
Hamburg
Aue
Zwickau
München
Bautzen
Jena
Gera
Hof
Trier
Aachen
Dortmund
Rostock
Kiel
Lübeck
Warnemünde
Travemünde
Oranienburg
Potsdam
Kassel
Magdeburg
Halle
Meißen
Stuttgart
Freiburg
Freital
Bremen
Freilassing
Braunschweig
Salzgitter
 
Antwortstatistiken
Antwort % Korrekt
Dresden
97%
Zwickau
86%
Jena
84%
Gera
78%
Rostock
76%
Aue
71%
Bautzen
71%
Potsdam
65%
Magdeburg
64%
Halle
63%
Warnemünde
50%
Meißen
48%
Oranienburg
45%
Freital
37%
Keine übereinstimmenden Quizze gefunden
Verteilung der Resultate
Anzahl Personen mit jedem Resultat
Perzentil nach korrekt beantworteten Fragen
Ihre Resultats-Entwicklung
Sie haben dieses Quiz seit der letzten Aktualisierung nicht gespielt